000 01284naa a22003377a 4500
001 BR7310881
003 BR-BrBNA
005 20240918173529.0
007 ta
008 230509b bl.||||| |||| 00| 0 por d
040 _aBR-BrBNA
_bpor
_cBiblioteca Nacional de Agricultura
041 _a(Pt)
072 _aF00; F30
_b0430
_bG514
090 _aF00 BR7310881
100 1 _aMoreira, J. de A.N.
100 1 _aSilva, F.P. da
100 1 _aAlves, J.F.
100 1 _aBezerra, F.F.
245 1 _aSugestoes em torno do emprego da macho esterilidade na exploracao do vigor hibrido no algodao moco (Gossypium hirsutum marie galante Hutch)[Ceara, Brasil]
260 3 _aFortaleza, CE (Brasil):
_c1973.
500 _aEstudos basicos, melhoramento genetico e experimentacao com o algodoeiro moco. Relatorio tecnico 1972 Fortaleza, CE (Brasil): 1973. p. 69-75 (BR7310881-AM)F00
650 _aALGODAO MOCO
650 _aHIBRIDACAO
650 _aESTERILIDADE
650 _aCRUZAMENTO VEGETAL
650 _aVIGOR HIBRIDO
650 _aCEARA
773 0 _tEstudos basicos, melhoramento genetico e experimentacao com o algodoeiro moco. Relatorio tecnico 1972
_wF00 BR7310881
_gFortaleza, CE (Brasil), 1973. p. 69-75
909 _a202404
_bLucia
_c55
_dLucia Elande
942 _cAM
_2AGRIS
999 _c305196
_d305196